Sports Quiz

Random Sports or Cricket Quiz

Most Test runs in England by visiting batsmen Quiz Stats

 Plays Quiz not verified by Sporcle

Support Sporcle.
Go Orange.
Score 0/33 Timer 10:00
0 Plays Today
Country Answer % Correct
Australia (2013-19)Steve Smith
97.8%
South Africa (2003-12)Graeme Smith
97%
Australia (1930-48)Don Bradman
94.7%
India (1990-2011)Sachin Tendulkar
92.8%
Australia (1989-2001)Steve Waugh
92.6%
Australia (1993-2001)Mark Waugh
91.9%
West Indies (1976-91)Viv Richards
90.9%
West Indies (1995-2004)Brian Lara
90.7%
Australia (1997-2009)Ricky Ponting
89.9%
India (1996-2011)Rahul Dravid
85.4%
Australia (2005-15)Michael Clarke
82.3%
Australia (1980-93)Allan Border
80.6%
South Africa (2008-17)Hashim Amla
79.5%
West Indies (1995-2012)Shivnarine Chanderpaul
77.9%
Australia (1989-97)Mark Taylor
69.8%
West Indies (1957-73)Garry Sobers
69.6%
West Indies (1969-84)Clive Lloyd
63.7%
Country Answer % Correct
India (1971-86)Sunil Gavaskar
61.5%
West Indies (1976-88)Gordon Greenidge
58.4%
Australia (1985-93)David Boon
56.4%
West Indies (1980-91)Desmond Haynes
56.1%
Australia (1972-80)Greg Chappell
49%
Australia (1968-75)Ian Chappell
48.9%
West Indies (1957-73)Rohan Kanhai
22.5%
Australia (1948-61)Neil Harvey
19.9%
Australia (1961-68)Bill Lawry
19.6%
West Indies (1950-63)Frank Worrell
19%
Australia (1948-53)Arthur Morris
9.4%
Australia (1930-38)Stan McCabe
9.1%
South Africa (1935-51)Dudley Nourse
6.1%
West Indies (1963-69)Basil Butcher
4.6%
South Africa (1929-47)Bruce Mitchell
3.2%
Australia (1909-26)Charles Macartney
1.8%

You're not logged in!

Compare scores with friends on all Sporcle quizzes.
OR
Log In

From the Vault

Sports Illustrated Covers (1980s)

by zalkon2004

Sorry, no swimsuit editions.
Remove Ads.
Support Sporcle.
Get the best of Sporcle when you Go Orange. This ad-free experience offers more features, more stats, and more fun while also helping to support Sporcle. Thank you for becoming a member.

Show Comments

Extras

Created May 15, 2020ReportNominate
Tags:Cricket Quiz, Test Cricket

Top Quizzes Today


Score Distribution

Your Account Isn't Verified!

In order to create a playlist on Sporcle, you need to verify the email address you used during registration. Go to your Sporcle Settings to finish the process.

Report this User

Report this user for behavior that violates our Community Guidelines.

Details: